№ 7-8; English

Bibliografske podrobnosti
Parent link:English=Английский язык - первое сентября: учебно-методический журнал. № 7-8.— , за последние два года
Jezik:angleščina
Izdano: 2015
Format: Knjiga
KOHA link:https://koha.lib.tpu.ru/cgi-bin/koha/opac-detail.pl?biblionumber=548546

MARC

LEADER 00000nam2a2200000 4500
001 548546
005 20231101120343.0
035 |a (RuTPU)RU\TPU\prd\241566 
090 |a 548546 
100 |a 20150922a20049999m y0engy50 ba 
101 0 |a eng 
102 |a RU 
200 0 |a № 7-8 
210 |d 2015 
461 1 |0 (RuTPU)RU\TPU\prd\21640  |t English  |l Английский язык - первое сентября  |o учебно-методический журнал  |v № 7-8  |d за последние два года 
801 0 |a RU  |b 63413507  |c 20010227  |g PSBO 
801 1 |a RU  |b 63413507  |c 20150922 
801 2 |a RU  |b 63413507  |c 20150922  |g RCR 
942 |c BK 
999 |a НТБ_ТПУ  |b ЧЗИЛ  |e -1/20150112  |p П-9486а  |s 1/20150608  |u 0,00  |v 1  |y 13821000771126